00441nam a2200145Ia 4500008004100000020001800041082001400059100002400073245002000097260001400117500001200131942000700143952013000150999001500280260604s9999 xx 000 0 und d a9781032869681 a658.8 ZAT aDanilo zatta935844 0aPricing Decoded bRoutledge aDecoded cBK 00104070aIIMVbIIMVcGENERALd2026-06-04g3552.32l0o658.8 ZATp004295r2026-06-04 10:21:11v3552.32w2026-06-04yBKBZAT c8677d8677